000 00622nam a2200241 i 4500
001 C2-0099676
003 PPAK
005 20180727094906.0
008 970526s1990 maua|||| ||||| | eng d
020 _a1852235594
040 _aPPAK
_beng
_cPPAK
_erda
082 0 4 _a796
_223
090 0 0 _a796
_bTRE
_dG
100 1 _aTrew, Steve,
_eauthor
245 1 0 _aTraithlon
264 1 _aMelborough :
_bThe Crowood Press ,
_c1990
300 _a121 pages :
_billustrations ;
_c24 cm
336 _2rdacontent
_atext
337 _2rdamedia
_aunmediated
338 _2rdacarrier
_avolume
650 1 0 _aTraithlon
942 _ddc
_cB
999 _c22345
_d22345